Los diálogos

Na minha lista:
Detalhes bibliográficos
Autor principal: Cicerón, Marco Tulio (autor)
Formato: Livro
Idioma:espanhol
Publicado em: Madrid Real 1818
Edição:3a. ed
Assuntos:
Tags: Adicionar Tag
Sem tags, seja o primeiro a adicionar uma tag!

MARC

LEADER 00000nam a2200000 a 4500
001 UCP8958
003 CL-VaPUC
005 20250331151859.0
008 000317e18180000SP |||||||||||||||||spa|d
999 |c 285814  |d 285812 
040 |c Pontificia Universidad Católica de Valparaíso 
082 0 4 |a 875  |b CIC  |2 21 
100 |a Cicerón, Marco Tulio  |e autor  |9 255203 
245 1 4 |a Los diálogos 
250 |a 3a. ed 
260 |a Madrid  |b Real  |c 1818 
300 |a v 
500 |a v.2: De la vejez, de la amistad, las paradojas y el sueño de Escipion 
583 |a last modification  |c 20000317 00:00:00  |k Rodrigo Vera 
600 |a Cicerón, Marco Tulio,  |d 106-43 a.C.  |9 897774 
650 0 |a Discursos latinos  |9 266621 
650 0 |a Diálogos latinos  |9 258055 
942 |c BK  |2 ddc 
945 |d 20000317 00:00:00  |a crobeson 
952 |0 0  |1 0  |4 0  |6 875_000000000000000_CIC_1818  |7 0  |8 X  |9 330607  |a BIBHIS  |b BIBHIS  |d 2019-11-20  |h v.2  |i 1396277  |o 875 CIC 1818  |p 1396277  |r 2024-01-30  |w 2019-11-20  |y BK_X  |k HIS